<?xml version="1.0" encoding="UTF-8"?>
<collection xmlns:xsi="http://www.w3.org/2001/XMLSchema-instance" xsi:schemaLocation="http://www.loc.gov/MARC21/slim http://www.loc.gov/standards/marcxml/schema/MARC21slim.xsd" xmlns="http://www.loc.gov/MARC21/slim">
 <record>
  <leader>00000cmm a22000004a 4500</leader>
  <controlfield tag="001">UP-99796217610949318</controlfield>
  <controlfield tag="003">Buklod</controlfield>
  <controlfield tag="005">20241008112946.0</controlfield>
  <controlfield tag="006">m     o  j        </controlfield>
  <controlfield tag="007">cr |n |||auu|a</controlfield>
  <controlfield tag="008">241008s2010    nyu    go  j        eng|d</controlfield>
  <datafield tag="020" ind1=" " ind2=" ">
   <subfield code="a">9780814414941 (eBook)</subfield>
  </datafield>
  <datafield tag="035" ind1=" " ind2=" ">
   <subfield code="a">(iLib)UPD-00205805459</subfield>
  </datafield>
  <datafield tag="040" ind1=" " ind2=" ">
   <subfield code="a">DLC</subfield>
   <subfield code="b">eng</subfield>
   <subfield code="d">DMLR</subfield>
   <subfield code="e">rda</subfield>
  </datafield>
  <datafield tag="041" ind1=" " ind2=" ">
   <subfield code="a">eng</subfield>
  </datafield>
  <datafield tag="042" ind1=" " ind2=" ">
   <subfield code="a">DMLUC</subfield>
  </datafield>
  <datafield tag="084" ind1=" " ind2=" ">
   <subfield code="a">PE 1450</subfield>
   <subfield code="b">L36 2010eb</subfield>
  </datafield>
  <datafield tag="100" ind1="1" ind2=" ">
   <subfield code="a">Lauchman, Richard</subfield>
   <subfield code="e">author</subfield>
  </datafield>
  <datafield tag="245" ind1="1" ind2="0">
   <subfield code="a">Punctuation at work</subfield>
   <subfield code="b">simple principles for achieving clarity and good style</subfield>
   <subfield code="c">Richard Lauchman.</subfield>
  </datafield>
  <datafield tag="264" ind1=" " ind2="1">
   <subfield code="a">New York</subfield>
   <subfield code="b">American Management Association</subfield>
   <subfield code="c">c2010.</subfield>
  </datafield>
  <datafield tag="300" ind1=" " ind2=" ">
   <subfield code="a">1 online resource </subfield>
   <subfield code="b">illustrations</subfield>
  </datafield>
  <datafield tag="336" ind1=" " ind2=" ">
   <subfield code="a">text</subfield>
   <subfield code="2">rdacontent</subfield>
  </datafield>
  <datafield tag="337" ind1=" " ind2=" ">
   <subfield code="a">computer</subfield>
   <subfield code="2">rdamedia</subfield>
  </datafield>
  <datafield tag="338" ind1=" " ind2=" ">
   <subfield code="a">online resource</subfield>
   <subfield code="2">rdacarrier</subfield>
  </datafield>
  <datafield tag="505" ind1="1" ind2=" ">
   <subfield code="a">Punctuation can?t rescue sense from nonsense--The main reason to punctuate is to clarify your intent--One of punctuation?s tasks is to supply the various signals given by the voice--In workplace writing, a sentence should yield its meaning instantly--Punctuation should be invisible--Punctuation follows the arrangement of words--Punctuation indicates how ideas relate--Punctuation suggests how much emphasis an idea deserves--Punctuation slows the reading--Don?t count too much on context to make your meaning plain--Know the difference between restrictive and non-restrictive expressions--Respect the distinction between that and which--When is punctuation optional?--Use the serial comma--When do I separate adjectives with a comma?--Use the hyphen to clarify &quot;improvised usage&quot;--Sometimes, no matter how you punctuate, a reader is going to think it?s wrong--Feed your head --When you see an odd usage, consider the source--Apostrophe--Brackets--Colon--Comma--Dash--Ellipsis --Hyphen--Parentheses--Period--Question mark--Quotation marks--Semicolon--Slash--Punctuating common sentence structures.</subfield>
  </datafield>
  <datafield tag="650" ind1=" " ind2="0">
   <subfield code="a">English language</subfield>
   <subfield code="x">Punctuation.</subfield>
  </datafield>
  <datafield tag="856" ind1="4" ind2="0">
   <subfield code="y">Available for UP System via IG Library</subfield>
   <subfield code="u">http://portal.igpublish.com/iglibrary/obj/AMAB0000628</subfield>
  </datafield>
  <datafield tag="905" ind1=" " ind2=" ">
   <subfield code="a">FO</subfield>
  </datafield>
  <datafield tag="852" ind1="0" ind2=" ">
   <subfield code="a">UPD</subfield>
   <subfield code="b">DMLR</subfield>
   <subfield code="h">PE 1450</subfield>
   <subfield code="i">L36 2010eb</subfield>
  </datafield>
  <datafield tag="942" ind1=" " ind2=" ">
   <subfield code="a">Electronic Resource</subfield>
  </datafield>
 </record>
</collection>
